[Event "ESP-ch U16"]
[Site "Salobrena"]
[Date "2015.07.24"]
[Round "8"]
[White "Pulido Leon, Manuel"]
[Black "Lerendegui Lasa, Odei"]
[Result "0-1"]
[WhiteElo "1991"]
[BlackElo "1797"]
[PlyCount "88"]
[EventDate "2015.07.20"]
[EventType "swiss"]
[EventRounds "9"]
[EventCountry "ESP"]
[SourceTitle "EXT 2016"]
[Source "ChessBase"]
[SourceDate "2015.10.08"]
[SourceVersion "1"]
[SourceVersionDate "2015.10.08"]
[SourceQuality "1"]

1. e4 c5 2. f4 d5 3. exd5 Nf6 4. Nc3 Nxd5 5. Nxd5 Qxd5 6. d3 Nc6 7. Nf3 g6 8. Be2 Bg7 9. 0-0 0-0 10. c3 Rd8 11. Be3 b6 12. Qd2 Bb7 13. Rf2 e5 14. fxe5 Nxe5 15. Nxe5 Qxe5 16. Raf1 f5 17. g4 fxg4 18. Bxg4 Qd6 19. Bh6 Rf8 20. Qe3 Bd5 21. Bf4 Qd8 22. Be6+ Kh8 23. Bg5 Qd6 24. Rxf8+ Rxf8 25. Rxf8+ Bxf8 26. Bxd5 Qxd5 27. Bf6+ Kg8 28. c4 Qf5 29. Qe5 Kf7 30. Qxf5 gxf5 31. Be5 Ke6 32. Bb8 Kd7 33. Bg3 Bd6 34. Kf2 Bxg3+ 35. Kxg3 Ke6 36. Kf4 a5 37. a4 Kf6 38. b3 Ke6 39. h3 Kf6 40. Kf3 Ke5 41. Ke3 h6 42. h4 f4+ 43. Kf2 Kf5 44. h5 Ke5 0-1

[Event "Foment Martinenc op-A 17th"]
[Site "Barcelona"]
[Date "2015.05.16"]
[Round "4"]
[White "Pulido Leon, Manuel"]
[Black "Blasco Benito, Albert"]
[Result "1-0"]
[WhiteElo "1906"]
[BlackElo "2079"]
[PlyCount "47"]
[EventDate "2015.04.25"]
[EventType "swiss"]
[EventRounds "9"]
[EventCountry "ESP"]
[SourceTitle "EXT 2017"]
[Source "ChessBase"]
[SourceDate "2016.10.25"]
[SourceVersion "1"]
[SourceVersionDate "2016.10.25"]
[SourceQuality "1"]

1. e4 e5 2. Nf3 Nc6 3. Bb5 a6 4. Ba4 Nf6 5. 0-0 b5 6. Bb3 Be7 7. Re1 0-0 8. c3 d5 9. exd5 Nxd5 10. d4 exd4 11. Nxd4 Nxd4 12. cxd4 Bb7 13. Nc3 Nf6 14. a3 Qd7 15. Bf4 Rfe8 16. Be5 Rad8 17. Rc1 Ng4 18. Bxc7 Nxf2 19. Qh5 Nh3+ 20. Qxh3 Qxc7 21. Nxb5 Qb6 22. Nc7 Qxd4+ 23. Kh1 Bc8 24. Qf3 1-0

[Event "Foment Martinenc op-A 17th"]
[Site "Barcelona"]
[Date "2015.05.02"]
[Round "2"]
[White "Pulido Leon, Manuel"]
[Black "Guevara Pijoan, Josep"]
[Result "1-0"]
[WhiteElo "1906"]
[BlackElo "2143"]
[PlyCount "59"]
[EventDate "2015.04.25"]
[EventType "swiss"]
[EventRounds "9"]
[EventCountry "ESP"]
[SourceTitle "EXT 2017"]
[Source "ChessBase"]
[SourceDate "2016.10.25"]
[SourceVersion "1"]
[SourceVersionDate "2016.10.25"]
[SourceQuality "1"]

1. e4 c5 2. Nf3 d6 3. d4 cxd4 4. Nxd4 Nf6 5. Nc3 a6 6. a4 e5 7. Nb3 Be6 8. Bg5 Nbd7 9. Be2 Be7 10. 0-0 0-0 11. Kh1 Rc8 12. f4 exf4 13. Bxf4 Ne5 14. Nd4 Nfd7 15. Nxe6 fxe6 16. Bg4 Nxg4 17. Qxg4 Rf6 18. Rad1 Rg6 19. Qh3 Qc7 20. Qd3 e5 21. Nd5 Qd8 22. Qb3 Kh8 23. Be3 Bg5 24. Qxb7 Bxe3 25. Nxe3 Nc5 26. Qd5 Nxa4 27. Nf5 Qg5 28. Rf2 h5 29. Nxd6 Qe3 30. Rdf1 1-0

[Event "Foment Martinenc op-A 16th"]
[Site "Barcelona"]
[Date "2014.05.24"]
[Round "5"]
[White "Pulido Leon, Manuel"]
[Black "Gomez Jurado, Luis Alberto"]
[Result "0-1"]
[WhiteElo "1832"]
[BlackElo "2303"]
[PlyCount "90"]
[EventDate "2014.04.26"]
[EventType "swiss"]
[EventRounds "9"]
[EventCountry "ESP"]
[SourceTitle "EXT 2015"]
[Source "ChessBase"]
[SourceDate "2014.11.20"]
[SourceVersion "1"]
[SourceVersionDate "2014.11.20"]
[SourceQuality "1"]

1. e4 c5 2. f4 Nc6 3. Nf3 e6 4. Be2 d5 5. d3 Nf6 6. e5 Nd7 7. 0-0 g6 8. c4 Nb6 9. Nc3 Bg7 10. a4 a5 11. Qb3 0-0 12. Qb5 Nd4 13. Nxd4 cxd4 14. c5 Nd7 15. Na2 Qc7 16. b4 axb4 17. Bd2 Qxc5 18. Qxc5 Nxc5 19. Bxb4 b6 20. Nc1 Bd7 21. Bxc5 bxc5 22. Nb3 Rfc8 23. Rfc1 Bf8 24. a5 Bb5 25. Kf1 Be7 26. g3 Ba6 27. Ke1 Rab8 28. Rcb1 f6 29. exf6 Bxf6 30. Bg4 Kf7 31. Kd2 c4 32. Bxe6+ Kxe6 33. Nc5+ Rxc5 34. Rxb8 Rc6 35. Rb6 Kd6 36. Rab1 Bd8 37. Rxc6+ Kxc6 38. Ra1 Kb5 39. Rb1+ Ka4 40. g4 Bxa5+ 41. Kd1 Bc3 42. h3 cxd3 43. f5 gxf5 44. gxf5 Bc4 45. f6 Bb3+ 0-1

[Event "Llinars del Valles op-B 7th"]
[Site "Llinars del Valles"]
[Date "2013.04.20"]
[Round "2"]
[White "Salagran Ferragut, Eduard"]
[Black "Pulido Leon, Manuel"]
[Result "1-0"]
[WhiteElo "1559"]
[BlackElo "1732"]
[PlyCount "63"]
[EventDate "2013.04.13"]
[EventType "swiss"]
[EventRounds "7"]
[EventCountry "ESP"]
[SourceTitle "CBM 154 Extra"]
[Source "ChessBase"]
[SourceDate "2013.06.25"]
[SourceVersion "2"]
[SourceVersionDate "2013.06.25"]
[SourceQuality "1"]

1. e4 e6 2. d4 d5 3. Nc3 dxe4 4. Nxe4 Nd7 5. Bg5 Be7 6. Nf3 Bxg5 7. Nexg5 Ngf6 8. Ne5 0-0 9. Bd3 h6 10. Ngf3 Nxe5 11. Nxe5 Qd5 12. 0-0 Rd8 13. Nf3 b6 14. Re1 Bb7 15. c3 c5 16. Bc2 cxd4 17. Qxd4 Qh5 18. Qf4 Qb5 19. b3 Qa5 20. c4 Qc3 21. Rac1 Qb2 22. Re2 Kh8 23. Bd3 Qa3 24. Ne5 Kg8 25. Rd1 Qc5 26. Red2 Kf8 27. Bg6 Rxd2 28. Rxd2 Qa3 29. Rd7 Qxa2 30. Rxf7+ Kg8 31. h3 Ba6 32. Qxf6 1-0

[Event "Roncana op 6th"]
[Site "Santa Eulalia de Roncana"]
[Date "2012.11.24"]
[Round "7"]
[White "Lopez Pajuelo, Aleix"]
[Black "Pulido Leon, Manuel"]
[Result "1/2-1/2"]
[WhiteElo "1802"]
[BlackElo "1680"]
[PlyCount "77"]
[EventDate "2012.10.06"]
[EventType "swiss"]
[EventRounds "8"]
[EventCountry "ESP"]
[SourceTitle "EXT 2014"]
[Source "ChessBase"]
[SourceDate "2013.11.20"]
[SourceVersion "1"]
[SourceVersionDate "2013.11.20"]
[SourceQuality "1"]

1. e4 e6 2. d4 d5 3. Nc3 Nf6 4. Bg5 Bb4 5. e5 h6 6. Bd2 Nfd7 7. Qg4 g6 8. Bd3 h5 9. Qg3 Nf8 10. a3 Be7 11. Nf3 c5 12. h4 Bd7 13. Bg5 c4 14. Be2 Nh7 15. Bd2 a6 16. Qf4 Nc6 17. g4 hxg4 18. Qxg4 Qb6 19. 0-0-0 Qc7 20. Qf4 b5 21. Nxd5 exd5 22. e6 Qxf4 23. exd7+ Kxd7 24. Bxf4 c3 25. Ne5+ Nxe5 26. dxe5 Kc6 27. Bf3 Rad8 28. Rd3 cxb2+ 29. Kxb2 Nf8 30. Bg3 Ne6 31. Rhd1 Nc7 32. Rd4 Bc5 33. Rf4 Rh7 34. Bg2 Ne6 35. Rf3 Be7 36. Rfd3 Nc7 37. Rd4 Bc5 38. R4d3 Be7 39. Rd4 1/2-1/2

[Event "Roncana op 6th"]
[Site "Santa Eulalia de Roncana"]
[Date "2012.11.03"]
[Round "4"]
[White "Corretja Torrens, Jordi"]
[Black "Pulido Leon, Manuel"]
[Result "0-1"]
[WhiteElo "1726"]
[BlackElo "1680"]
[PlyCount "48"]
[EventDate "2012.10.06"]
[EventType "swiss"]
[EventRounds "8"]
[EventCountry "ESP"]
[SourceTitle "EXT 2014"]
[Source "ChessBase"]
[SourceDate "2013.11.20"]
[SourceVersion "1"]
[SourceVersionDate "2013.11.20"]
[SourceQuality "1"]

1. e4 e6 2. d4 d5 3. Nc3 Nf6 4. Bg5 Bb4 5. e5 h6 6. exf6 hxg5 7. fxg7 Rg8 8. Qd3 Rxg7 9. Nf3 Nc6 10. Be2 Bd7 11. 0-0-0 Qe7 12. h4 gxh4 13. Rxh4 0-0-0 14. Rg1 Rdg8 15. g4 Bxc3 16. Qxc3 e5 17. Rgh1 exd4 18. Qd2 Bxg4 19. Rh8 Qe8 20. R8h6 Qe4 21. Rxc6 Bxf3 22. Bxf3 Qxf3 23. Re1 bxc6 24. Qb4 Rg1 0-1

[Event "ESP-ch U12"]
[Site "Salobrena"]
[Date "2012.07.06"]
[Round "7.17"]
[White "Redondo Benavente, Ana"]
[Black "Pulido Leon, Manuel"]
[Result "0-1"]
[WhiteElo "1419"]
[BlackElo "1634"]
[PlyCount "136"]
[EventDate "2012.07.02"]
[EventType "swiss"]
[EventRounds "9"]
[EventCountry "ESP"]
[SourceTitle "EXT 2024"]
[Source "ChessBase"]
[SourceDate "2023.10.10"]
[SourceVersion "1"]
[SourceVersionDate "2023.10.10"]
[SourceQuality "1"]

1. Nf3 e6 2. d4 Nf6 3. c4 Bb4+ 4. Nc3 Ne4 5. Qc2 f5 6. e3 b6 7. Be2 Bb7 8. Bd2 Bxc3 9. Bxc3 0-0 10. 0-0 d6 11. Rad1 Qe7 12. h3 Ng5 13. d5 Nxf3+ 14. Bxf3 e5 15. Be2 Nd7 16. b4 c5 17. b5 Bc8 18. a4 Nf6 19. Bd3 e4 20. Be2 Bd7 21. Qb2 Be8 22. Kh2 h6 23. Bxf6 Rxf6 24. Qc3 Bg6 25. f3 exf3 26. Rxf3 Re8 27. Bd3 Bh5 28. g4 fxg4 29. Rxf6 Qxf6 30. Qxf6 gxf6 31. hxg4 Bxg4 32. Rg1 h5 33. e4 Kf7 34. Kg3 Re5 35. Kf4 Kg6 36. Rg2 Kh6 37. Kg3 Rg5 38. Kf4 Bc8 39. Rh2 Rg4+ 40. Ke3 Kg5 41. Be2 Rg3+ 42. Kf2 h4 43. Rg2 Rxg2+ 44. Kxg2 Bg4 45. Bd3 Kf4 46. Bc2 Bf3+ 47. Kh3 Bxe4 48. Bb3 Kg5 49. Kh2 Kg4 50. Bd1+ Bf3 51. Bc2 f5 52. Kg1 Be4 53. Bd1+ Kg3 54. Kf1 Bg2+ 55. Ke2 Bf3+ 56. Kd2 Bxd1 57. Kxd1 h3 58. a5 h2 59. axb6 axb6 60. Ke2 h1Q 61. Ke3 Qe4+ 62. Kd2 f4 63. Kc3 f3 64. Kd2 f2 65. Kc3 f1Q 66. Kb3 Qeb1+ 67. Ka3 Qb4+ 68. Ka2 Qc3 0-1

[Event "Llinars del Valles op-B 6th"]
[Site "Llinars del Valles"]
[Date "2012.04.28"]
[Round "3"]
[White "Lopez Pajuelo, Sergi"]
[Black "Pulido Leon, Manuel"]
[Result "0-1"]
[WhiteElo "1472"]
[BlackElo "1660"]
[PlyCount "72"]
[EventDate "2012.04.14"]
[EventType "swiss"]
[EventRounds "9"]
[EventCountry "ESP"]
[SourceTitle "EXT 2013"]
[Source "ChessBase"]
[SourceDate "2012.11.22"]
[SourceVersion "1"]
[SourceVersionDate "2012.11.22"]
[SourceQuality "1"]

1. e4 e6 2. d4 d5 3. Nc3 Nf6 4. Bg5 Be7 5. e5 Nfd7 6. Bxe7 Qxe7 7. Bd3 a6 8. Nf3 0-0 9. h4 f6 10. g4 fxe5 11. dxe5 Qf7 12. Rh3 Nxe5 13. Be2 Nxf3+ 14. Rxf3 Qe7 15. Rxf8+ Kxf8 16. g5 c6 17. Qd4 e5 18. Qe3 d4 19. Qf3+ Kg8 20. Ne4 Be6 21. h5 Bd5 22. g6 h6 23. a3 Nd7 24. 0-0-0 Rf8 25. Qd3 Nc5 26. Nxc5 Qxc5 27. f3 b5 28. Qd2 Bxf3 29. Bxf3 Rxf3 30. Re1 Rf8 31. Qe2 Re8 32. Qg4 d3 33. c3 Qf2 34. Qd1 Rd8 35. Rf1 d2+ 36. Kb1 Qxf1 0-1